000 00786nam a2200217 4500
003 OSt
005 20240618054011.0
006 a
008 240618b |||||||| |||| 00| 0 eng d
020 _a9789715520898
040 _aDWCL-Main lib.
_cOC
082 _aCirc. 327.209 F714c 2011
111 _aRhodora M. Joaquin, Eileen M. Arquiza
245 _aThe FSI (Foreign Service Institute) reader on China /
260 _aPasay City, Phils. :
_bForeign Service Institute, Department of Foreign Affairs,
_cc2011.
300 _aiii,
_b201 p. : col. ill. ;
_c21 cm.
650 _a1. Philippine–International relations–China.
650 _a2. Philippines–Diplomatic and consular service–China.
711 _aRhodora M. Joaquin, Eileen M. Arquiza
942 _2ddc
_n0
_cBK-CIRC
_kCirc.
999 _c817
_d817